00277 a2200109 4500001000700000040003500007100002000042240004700062245004200109300000700151362000900158148913 cEscola São Tomás de Aquino aLARREULA, Enric10aOs grandes negócios da Bruxa Onildalpor10aOs grandes negócios da Bruxa Onilda a390 a2011